[Event "GAMMA Reykjavik Open 2018"]
[Site "Reykjavik"]
[Date "2018.03.10"]
[Round "5"]
[White "Kamsky, Gata"]
[Black "Bartholomew, John"]
[Result "1-0"]
[WhiteElo "2677"]
[BlackElo "2477"]
[Annotator "TA"]
[PlyCount "87"]
[EventType "swiss"]
[EventCountry "ISL"]
[SourceTitle "playchess.com"]
[Source "ChessBase"]
[SourceQuality "1"]

{[%evp 13,87,14,25,4,12,-31,-41,-39,-34,-38,-29,-29,-19,-29,0,0,0,0,0,0,16,5,31,6,29,32,16,17,22,24,98,36,25,24,28,9,8,8,19,4,3,0,91,74,98,74,250,235,219,197,222,234,224,201,245,264,206,242,626,645,675,661,630,553,646,585,585,585,585,585,585,585,12829,12830,12835,12829]} 1. e4 d5 2. exd5 Qxd5 3. Nc3 Qd8 4. Nf3 Nf6 5. Bc4 a6 6. a4 {B01: Scandinavian Defence} (6. d4 b5 7. Bb3 c5 8. a4 b4 9. Ne2 e6 10. Be3 Bb7 11. a5 Be7 12. dxc5 Qxd1+ 13. Rxd1 {1-0 (46) Fedorchuk,S (2633)-Narciso Dublan,M (2467) Linares 2017}) 6... Nc6 7. h3 Bf5 {LiveBook: 3 Games} 8. d3 {White has an edge.} h6 9. g4 Bg6 $146 ({Predecessor:} 9... Bh7 10. Bf4 e6 11. Qe2 Bd6 12. Be3 Qe7 13. O-O-O {0-1 (39) Tsaruk,M (2045)-Nikolova,A (2331) Albena 2016}) 10. Bf4 e6 11. Ne5 Nxe5 12. Bxe5 Bd6 13. Qe2 Bxe5 14. Qxe5 O-O 15. f4 b5 16. Bb3 Nd7 17. Qe3 c5 18. O-O Qb6 19. f5 exf5 {And now ...Rae8 would win.} 20. Nd5 Qd6 21. gxf5 Bh7 {[#]} (21... Bh5 $11) 22. Qf4 (22. axb5 $1 $16 {f6! is the strong threat.} axb5 23. Ne7+ Kh8 24. Rxa8 Rxa8 25. Bxf7) 22... Qxf4 $14 23. Rxf4 {aiming for axb5.} Rfd8 24. Kf2 Kf8 25. Re1 Ra7 26. h4 $36 {[%mdl 2048] White fights for an advantage.} Rb7 27. a5 Re8 (27... f6 $11 {remains equal.}) 28. Rxe8+ $16 Kxe8 29. f6 (29. Ba2 {looks sharper.} Kf8 30. b4 Rb8 31. bxc5 Nxc5 32. Nb4) 29... gxf6 $2 (29... Kf8 $16 {might work better.}) 30. Nxf6+ $18 Nxf6 31. Rxf6 $16 {[%mdl 4096] Endgame KRB-KRB} c4 32. dxc4 bxc4 33. Ba4+ ({Much less strong is} 33. Bxc4 $6 Rxb2 34. Ke3 (34. Bxf7+ Ke7 $11) (34. Rxh6 Rxc2+ 35. Ke3 Rxc4 $11) 34... Bg6) 33... Ke7 {[#]} 34. Rb6 $1 {[%cal Rb6b7]} ({Weaker is} 34. Rxa6 Rxb2 35. Rxh6 Bf5 $16) ({Less strong is} 34. Rxh6 Rb4 $16) 34... Rxb6 35. axb6 $18 {[%cal Ba5b6,Bb6b7][%mdl 32] KB-KB} Kd6 $2 (35... Kd8 36. c3 Be4) 36. Ke3 {White is clearly winning.} Bf5 37. Kd4 Be6 38. c3 f6 39. b7 Kc7 {[#]} 40. Bc6 $1 {[%cal Rc6f3][%mdl 512]} a5 (40... Kxc6 41. b8=Q) 41. Bf3 Bf7 42. Kc5 h5 43. Kb5 f5 44. Kc5 {Precision: White = 69%, Black = 39%.} 1-0

[Event "GAMMA Reykjavik Open 2018"]
[Site "Reykjavik"]
[Date "2018.03.11"]
[Round "5"]
[White "Adly, Ahmed"]
[Black "Povah, Nigel E"]
[Result "1-0"]
[WhiteElo "2643"]
[BlackElo "2284"]
[Annotator "TA"]
[PlyCount "103"]
[EventType "swiss"]
[EventCountry "ISL"]
[SourceTitle "playchess.com"]
[Source "ChessBase"]
[SourceQuality "1"]

{[%evp 9,103,-39,-40,-62,-47,-56,-33,-30,-12,-53,-57,-65,-1,-10,30,30,29,27,35,20,21,0,0,-27,16,0,76,67,72,0,0,0,0,-6,0,-36,-33,-32,-13,-12,-25,-7,-18,-29,-27,-50,-53,-37,0,0,0,0,0,0,0,0,0,0,0,0,0,0,0,-37,-39,-99,0,0,0,0,167,4,149,190,400,400,400,400,397,388,635,627,721,721,851,854,806,795,758,614,620,576,562,499,710,690]} 1. b3 e5 2. Bb2 Nc6 3. g3 d5 4. Bg2 Be6 (4... Nf6 5. e3 Be7 6. d3 Be6 7. Ne2 O-O 8. Nd2 a5 9. a3 Qd7 10. h3 d4 11. e4 g6 12. f4 exf4 13. gxf4 {½-½ (42) Kamsky,G (2762)-Grischuk,A (2764) Beijing 2012}) 5. d3 Qd7 {LiveBook: 4 Games} 6. a3 {A01: Nimzowitsch-Larsen Opening} f6 7. Nd2 Bc5 8. e3 {Black is slightly better.} Nge7 $146 ({Predecessor:} 8... a5 9. h3 Nge7 10. Ne2 Bb6 11. Kf1 O-O 12. Kg1 {½-½ (49) Van Delft,M (2418)-Pedersen,C (2392) Germany 2007}) 9. Qh5+ g6 10. Qe2 h5 (10... Bb6 $15) 11. b4 $11 Bd6 12. c4 dxc4 13. dxc4 {[#] Black must now prevent c5.} Nf5 14. c5 Be7 15. Rc1 a6 16. Be4 Rd8 17. Ngf3 Kf7 (17... g5 $11) 18. Nc4 $16 {aiming for Bxc6.} Kg7 19. Rg1 (19. O-O $16) 19... Qc8 $11 20. Nh4 Nxh4 21. gxh4 Bf5 22. Qc2 Kf7 23. Ke2 Bxe4 24. Qxe4 Qf5 25. Qxf5 gxf5 26. Bc3 Rhg8 27. h3 Rxg1 28. Rxg1 a5 29. b5 Na7 30. Bxa5 Bxc5 31. Bxc7 Rc8 32. b6 Nb5 33. Rc1 {Strongly threatening Nxe5+!} Bxa3 34. Nxa3 Nxa3 {[%mdl 4096] Endgame KRB-KRN} 35. Rc3 Ra8 $1 36. Kd1 Ke6 37. Kc1 ({White should play} 37. Ke1 $15) 37... Ra6 ({Black should try} 37... Kd5 $17) 38. Rc5 Ra4 39. Kb2 Kd7 $2 (39... Ra5 $11 40. Rc3 Nb5) 40. f4 $2 (40. Kb3 $18 Ra6 41. f4) 40... exf4 (40... Ra5 $1 $11 {keeps the balance.} 41. Rc1 (41. Rxa5 Nc4+ 42. Kc3 Nxa5 $11) 41... Nb5) 41. Kb3 $16 ({Of course not} 41. Bxf4 $6 Nc4+ 42. Kb3 Nxb6 $11) ({Much weaker is} 41. exf4 $6 Ra5 $11) 41... Ra8 $2 (41... Ra6) 42. Bxf4 $18 Ke6 43. Kb4 Ra6 44. Rc7 Kd5 $2 (44... Nc2+ 45. Rxc2 Rxb6+ 46. Ka3 Kf7 47. Rc7+ Kg6) 45. Rd7+ {White is clearly winning.} Ke4 46. Rxb7 Nc2+ 47. Kb5 Ra1 48. Re7+ Kd5 49. b7 Rb1+ 50. Ka4 Kc4 {[%cal Rb1a1]} 51. Rc7+ Kd3 {[#]} (51... Kd5 $142 52. Rxc2 Rxb7 53. Rd2+ Ke6) 52. b8=Q $1 {[%mdl 512] Precision: White = 46%, Black = 44%.} 1-0

[Event "GAMMA Reykjavik Open 2018"]
[Site "Reykjavik"]
[Date "2018.03.10"]
[Round "5"]
[White "L'Ami, Erwin"]
[Black "Thorhallsson, Throstur"]
[Result "1-0"]
[WhiteElo "2634"]
[BlackElo "2419"]
[Annotator "TA"]
[PlyCount "53"]
[EventType "swiss"]
[EventCountry "ISL"]
[SourceTitle "playchess.com"]
[Source "ChessBase"]
[SourceQuality "1"]

{[%evp 18,53,21,18,46,58,99,95,91,104,96,97,103,80,91,74,79,70,65,71,103,111,234,249,302,304,298,269,281,285,664,664,1006,1010,29996,29997,29997,29998]} 1. d4 Nf6 2. Nf3 e6 3. Bf4 d5 4. e3 Be7 5. Nbd2 O-O 6. Bd3 c5 7. c3 Nc6 8. Ne5 Nxe5 9. dxe5 Nd7 {D02: 1 d4 d5 2 Nf3 sidelines, including 2...Nf6 3 g3 and 2...Nf6 3 Bf4} 10. Qh5 {[%csl Gd3][%cal Rh5h7] [#] LiveBook: 3 Games} f5 11. g4 {[%cal Rg4f5]} c4 {White is slightly better.} 12. Bc2 Nc5 13. gxf5 exf5 14. Nf3 $146 ({Find the theoretical novelty and annotate with similar games:} 14. Rg1 Qe8 15. Qh6 Qf7 16. Nf3 Kh8 17. Qh3 {1-0 (30) Oliva Castaneda,K (2497)-Gutierrez Olivares,D (2352) Barbera del Valles 2017}) 14... Be6 15. Rg1 $40 {[%mdl 128] Black is in trouble.} Qe8 16. Qxe8 Raxe8 17. Nd4 Bd7 18. b4 cxb3 19. axb3 {[%cal Ba2b3,Bb3b4][%mdl 32]} Kh8 {[#]} (19... a6 $16) 20. b4 $1 $18 {[%cal Rb4c5]} ({Weaker is} 20. Rxa7 Ra8 $16) 20... Ne4 21. e6 (21. Rxa7 Ra8 $16) 21... Bc8 22. Ba4 ({But not} 22. Rxa7 Bh4 $16) 22... Rd8 23. Be5 Ng5 $2 (23... Rg8 24. Nxf5 Bf6) 24. f4 Nxe6 25. Nxe6 Bxe6 26. Bxg7+ Kg8 27. Bd4+ {Precision: White = 94%, Black = 25%.} 1-0

[Event "GAMMA Reykjavik Open 2018"]
[Site "Reykjavik"]
[Date "2018.03.10"]
[Round "5"]
[White "Yilmaz, Mustafa"]
[Black "Can, Emre"]
[Result "1/2-1/2"]
[WhiteElo "2619"]
[BlackElo "2603"]
[Annotator "TA"]
[PlyCount "62"]
[EventType "swiss"]
[EventCountry "ISL"]
[SourceTitle "playchess.com"]
[Source "ChessBase"]
[SourceQuality "1"]

{[%evp 23,62,18,18,23,31,30,33,30,30,20,35,31,28,29,31,29,37,28,19,18,20,13,12,0,0,0,0,0,0,0,0,0,0,0,0,0,0,0,8,0,0]} 1. d4 d5 2. c4 e6 3. Nf3 Nf6 4. g3 dxc4 5. Bg2 Bd7 6. Ne5 Bc6 7. Nxc6 Nxc6 8. e3 Qd7 {E04: Open Catalan: 5 Nf3} 9. O-O Rd8 10. Qe2 e5 11. Nc3 Be7 12. Qxc4 exd4 {LiveBook: 4 Games} 13. Rd1 O-O 14. Bxc6 Qxc6 15. Qxc6 bxc6 16. Rxd4 Rxd4 17. exd4 Nd5 $146 18. Bd2 Nxc3 19. Bxc3 $11 {[%mdl 4096] Endgame KRB-KRB} Bd6 20. Ba5 Rb8 21. b4 {The position is equal.} f5 22. a3 Kf7 23. Rc1 Ke6 $1 24. Rxc6 Kd5 25. Ra6 Rb7 $1 26. Kf1 Kc4 {[#] Hoping for ...Kb5.} 27. Rc6+ Kd5 28. Ra6 Kc4 {White must now prevent ...Kb5.} 29. Rc6+ Kd5 30. Ra6 Kc4 {[#] aiming for ...Kb5.} 31. Rc6+ Kd5 {Precision: White = 69%, Black = 97%.} 1/2-1/2

[Event "GAMMA Reykjavik Open 2018"]
[Site "Reykjavik"]
[Date "2018.03.10"]
[Round "5"]
[White "Lagarde, Maxime"]
[Black "Thavandiran, Shiyam"]
[Result "1-0"]
[WhiteElo "2587"]
[BlackElo "2399"]
[Annotator "TA"]
[PlyCount "79"]
[EventType "swiss"]
[EventCountry "ISL"]
[SourceTitle "playchess.com"]
[Source "ChessBase"]
[SourceQuality "1"]

{[%evp 27,79,11,21,29,30,0,44,22,22,20,20,20,32,22,96,99,107,43,50,23,49,32,65,72,66,72,65,71,225,235,222,216,344,345,311,320,803,712,676,654,735,734,695,693,905,885,1527,1313,1306,1288,1173,972,2894,1927]} 1. d4 Nf6 2. c4 c5 3. d5 e6 4. Nc3 exd5 5. cxd5 d6 6. e4 g6 7. f4 Bg7 8. Bb5+ Nfd7 9. Nf3 a6 10. Bd3 b5 11. O-O O-O 12. Kh1 Nb6 {A67: Modern Benoni: Taimanov Variation} 13. f5 N8d7 14. Bg5 Bf6 {LiveBook: 4 Games. The position is equal.} 15. h4 {[#]} Re8 $146 ({Predecessor:} 15... b4 16. Ne2 a5 17. Qd2 c4 18. Bc2 c3 19. bxc3 bxc3 20. Nxc3 {0-1 (61) L'Ami,A (2348)-Hillarp Persson,T (2529) St Clement Bay 2016}) 16. Qd2 (16. Qc1 {is more complex.} Bxg5 17. hxg5 b4 18. Ne2 Ne5 19. Nxe5 Rxe5 20. Qf4) 16... Ne5 (16... gxf5 {is interesting.} 17. exf5 Bxc3 18. bxc3 f6 19. Bh6 Kh8) 17. fxg6 (17. Nxe5 {keeps more tension.} Bxg5 18. hxg5 Rxe5 19. a3 gxf5 20. exf5 Nxd5 21. Be4) 17... fxg6 18. Nxe5 Bxg5 19. Qxg5 Qxg5 20. hxg5 {[#] Nf7 is the strong threat.} dxe5 (20... Rxe5 $11 21. Rf6 Bg4) 21. Rf6 $16 Rb8 22. Be2 ({Better is} 22. b3 $16) 22... Bd7 $14 23. Raf1 Rf8 24. Nd1 Kg7 25. Ne3 $36 {[%mdl 2048] Keeping Black busy.} Rxf6 26. Rxf6 h6 27. Bg4 Bxg4 $2 {[#]} (27... hxg5 $16 28. Rd6 Rh8+ 29. Kg1 Bxg4) 28. Nxg4 $18 hxg5 $16 {[%mdl 4096] Endgame KRN-KRN} 29. Rc6 Rh8+ (29... Rb7 $142 30. Nxe5 Nd7) 30. Kg1 $18 Rh4 31. Nf2 ({And not} 31. Nxe5 Rxe4 32. Rxg6+ Kh7 $11) 31... Na4 $2 (31... Nc4 32. b3 (32. Rxc5 Rf4 $16) 32... Ne3 33. Rc7+ (33. Rxc5 Rf4 $16) 33... Kf6) 32. g3 {White is clearly winning.} Rh8 33. b3 Nc3 34. Rc7+ Kf8 35. d6 Ne2+ 36. Kg2 Nd4 37. Ng4 Ne6 38. Re7 Nd8 39. Nxe5 Rh6 40. Nd7+ {Precision: White = 52%, Black = 32%.} 1-0

[Event "GAMMA Reykjavik Open 2018"]
[Site "Reykjavik"]
[Date "2018.03.10"]
[Round "5"]
[White "Moradiabadi, Elshan"]
[Black "Nihal Sarin"]
[Result "0-1"]
[WhiteElo "2535"]
[BlackElo "2534"]
[Annotator "TA"]
[PlyCount "88"]
[EventType "swiss"]
[EventCountry "ISL"]
[SourceTitle "playchess.com"]
[Source "ChessBase"]
[SourceQuality "1"]

{[%evp 21,88,26,33,16,32,14,13,0,0,0,0,0,0,0,8,0,0,-33,-40,-39,-31,-43,-41,-45,-26,-41,-25,-25,-26,-67,-67,-67,-67,-67,-67,-67,-67,-67,-67,-68,-55,-55,-52,-63,-51,-75,-75,-75,-23,-59,-56,-75,-56,-233,-224,-243,-242,-227,-215,-200,-197,-274,-247,-525,-518,-470,-506,-794,-775]} 1. d4 Nf6 2. Nf3 g6 3. c4 Bg7 4. e3 O-O 5. Be2 b6 6. O-O Bb7 7. Nc3 e6 8. b3 d5 9. Ba3 {D94: Grünfeld: 4 Nf3 Bg7 5 e3} Re8 10. Rc1 a6 11. Ne5 Nbd7 {LiveBook: 4 Games} 12. Nxd7 Qxd7 13. Bf3 {[#]} Ne4 $146 ({Predecessor:} 13... Rad8 14. Qc2 h5 15. Ne2 Rc8 16. Nf4 Ne4 {1-0 (73) Kovalenko,I (2700)-Shabalov,A (2522) Berlin 2015}) 14. cxd5 exd5 15. Nxe4 dxe4 16. Bg4 f5 17. Be2 b5 18. Qc2 Rec8 19. f4 exf3 20. Bxf3 Bxf3 21. Rxf3 c6 22. Bb4 Qd5 23. Qc5 Bf8 (23... Qe4 {is more complex.} 24. Be1 a5 25. Bg3 a4 26. b4 Bf8) 24. Qxd5+ cxd5 25. Bc5 Rc6 26. b4 h5 27. a4 bxa4 28. Ra1 Bh6 29. Rxa4 Re8 30. Kf2 Re4 31. g3 h4 32. Ra3 Kf7 33. Kg2 Kf6 34. gxh4 Rxh4 (34... Rce6 $1 $17) 35. Rc3 {And now Be7+! would win.} Kf7 36. Rb3 Re4 37. Rh3 $2 {[#]} (37. Kf2 $15) 37... g5 $1 $19 38. Rf3 {[#]} Kg6 $1 39. h3 g4 40. hxg4 fxg4 41. Rg3 (41. Rf2 {is a better defense.}) 41... Rce6 42. Kf2 $2 (42. b5 {was called for.} axb5 43. Rxb5) 42... Kf5 {Black is clearly winning.} 43. Ba7 Bg5 44. b5 (44. Bb8 $142 Bh4 45. Be5) 44... Bh4 {Precision: White = 39%, Black = 75%.} 0-1

[Event "GAMMA Reykjavik Open 2018"]
[Site "Reykjavik"]
[Date "2018.03.10"]
[Round "5"]
[White "Hjartarson, Johann"]
[Black "Lenderman, Aleksandr"]
[Result "0-1"]
[WhiteElo "2513"]
[BlackElo "2600"]
[Annotator "TA"]
[PlyCount "114"]
[EventType "swiss"]
[EventCountry "ISL"]
[SourceTitle "playchess.com"]
[Source "ChessBase"]
[SourceQuality "1"]

{[%evp 24,114,3,0,0,0,0,0,-9,-4,0,0,0,0,0,-18,-18,-18,-23,-29,-32,-50,-48,-56,-41,-48,-45,-34,-56,-52,-41,-44,-14,-20,-13,-86,-85,-152,-141,-120,-103,-97,-83,-77,-65,-110,-106,-129,-45,-62,-56,-54,-56,-53,-28,-35,-13,-33,-33,-33,-33,-124,-103,-87,-62,-167,-167,-209,-202,-219,-210,-210,-190,-339,-227,-451,-445,-444,-443,-447,-431,-441,-435,-409,-397,-679,-637,-1368,-1312,-2199,-2240,-5185,-4414]} 1. d4 d5 2. c4 e6 3. Nc3 a6 4. e3 Nf6 5. Nf3 c5 6. a3 dxc4 7. Bxc4 b5 8. Ba2 Bb7 9. O-O Be7 {D27: Queen's Gambit Accepted: Classical main line: 7 e4!? and 7 a4} 10. Qe2 Nbd7 {[%cal Bb8d7,Bd7c5,Bc5e4][%mdl 32]} 11. Rd1 (11. e4 cxd4 12. Nxd4 Bd6 13. f4 Bc5 14. Be3 Qb6 15. Rad1 e5 16. fxe5 Nxe5 17. b4 Bxd4 18. Bxd4 {1-0 (26) Moiseenko,A (2657)-Halkias,S (2585) Doha 2016}) 11... Qc7 12. Bd2 O-O 13. Rac1 {LiveBook: 3 Games} Qb6 {[#]} 14. dxc5 $146 ({Predecessor:} 14. Be1 Bc6 15. dxc5 Nxc5 16. Ne5 Rac8 {½-½ (42) Bernasek,J (2512)-Nun,J (2343) Czech Republic 2016}) 14... Nxc5 15. b4 Nce4 16. Be1 Rfd8 17. Nd4 Rac8 18. Nxe4 Bxe4 19. f3 Bd5 20. Bf2 Bxa2 21. Qxa2 Nd5 {[%cal Bf6d5,Bd5b6,Bb6c4,Bc4a3][%mdl 32]} 22. Qb3 Bf6 23. Ne2 {[%cal Bd4e2,Be2f4,Bf4d3,Bd3c5][%mdl 32] [#] Threatens to win with Rxc8.} Qb7 24. e4 Nb6 25. Rxc8 Rxc8 26. Nf4 Nc4 27. Nd3 Rd8 28. Nc5 Qc8 29. Rxd8+ (29. g3 $11 {keeps the balance.}) 29... Qxd8 $17 30. Nxa6 (30. g3 $142) 30... Qd2 {( -> ...Qc1+)} 31. Qb1 Nxa3 32. Qe1 Qc2 33. e5 Bg5 34. h4 Bd2 35. Qa1 Qd3 (35... Nc4 $17 {Strongly threatening ...Bc3.} 36. Nc7 Qa4) 36. Nc5 Qc3 37. Qxc3 Bxc3 $15 {[%mdl 4096] Endgame KBN-KBN} 38. Nd3 Nc4 39. f4 h5 40. Bc5 Kh7 41. Kf2 Kg6 42. Bf8 (42. Kf3 $15) 42... f6 43. exf6 gxf6 44. Bc5 (44. Nc1 $1 $15) 44... Kf5 $19 45. Nc1 {[#]} Kg4 $1 46. Ne2 Bd2 47. g3 e5 48. Be7 (48. fxe5 {is the only way for White.} fxe5 49. Ng1) 48... Kf5 ({Resist} 48... exf4 49. gxf4 f5 50. Bc5 $19) 49. Kf3 $2 (49. fxe5 {is a better defense.} fxe5 50. Ng1) 49... Nb6 50. fxe5 fxe5 51. g4+ hxg4+ 52. Kg2 Nd5 53. Ng3+ Ke6 54. Bc5 $2 (54. Ne4 Be1 55. Kf1) 54... Bxb4 {Black is clearly winning.} 55. Bxb4 Nxb4 56. Ne4 Nd5 57. Kg3 Nf6 {Precision: White = 43%, Black = 69%.} 0-1

[Event "GAMMA Reykjavik Open 2018"]
[Site "Reykjavik"]
[Date "2018.03.11"]
[Round "5"]
[White "Hamitevici, Vladimir"]
[Black "Rapport, Richard"]
[Result "0-1"]
[WhiteElo "2512"]
[BlackElo "2715"]
[Annotator "TA"]
[PlyCount "88"]
[EventType "swiss"]
[EventCountry "ISL"]
[SourceTitle "playchess.com"]
[Source "ChessBase"]
[SourceQuality "1"]

{[%evp 9,88,18,12,12,2,8,49,0,0,0,0,0,0,-17,-10,-22,-9,-13,2,-18,-17,-15,-10,-11,0,0,0,0,0,0,0,0,0,0,0,0,0,0,0,0,0,0,0,0,0,0,0,0,0,0,0,0,0,0,0,0,0,-103,-104,-109,-114,-419,-389,-371,-106,-351,-296,-287,-263,-348,-251,-251,-251,-388,-313,-289,-254,-432,-416,-452,-470]} 1. a3 h6 (1... g6 2. h4 h5 3. e4 c5 4. Bc4 Bg7 5. Nc3 Nc6 6. Nf3 d6 7. Ng5 e6 8. d3 Nge7 9. Ba2 Nd4 10. Ne2 {1-0 (34) Carlsen,M (2834)-Holm,K (2436) chess.com INT 2018}) 2. c4 c6 $146 ({Find the theoretical novelty and annotate with similar games:} 2... b6 3. d4 a5 4. Qd3 a4 5. f4 g5 6. f5 c5 {½-½ (6) Paetzold,O (1963)-Gaiter,W (1668) IECC email 2000}) 3. d4 d5 4. cxd5 cxd5 5. Nc3 Nf6 6. Bf4 {A00: Irregular Openings} Nc6 7. e3 Bg4 8. Be2 {White is slightly better.} (8. Qb3 {NOTEXT} Na5 9. Qc2 Rc8 10. Bd3 Bd7 11. h3) 8... Bxe2 9. Ngxe2 e6 10. h3 Be7 11. O-O O-O 12. Na4 Rc8 13. b4 Bd6 14. Rc1 Ne4 15. Nc5 Bxf4 16. Nxf4 Nxc5 17. Rxc5 b6 18. Rc3 Ne7 19. Rxc8 Qxc8 20. Qa4 a6 21. Nd3 Qb7 22. Rc1 Rc8 23. Rxc8+ Qxc8 24. Ne5 b5 25. Qa5 Nc6 26. Nxc6 Qxc6 $11 {[%mdl 4096] Endgame KQ-KQ} 27. g3 Kh7 28. Kh2 Kg6 29. Kg2 e5 30. Qd8 exd4 31. exd4 Qe6 32. Qa8 Kf5 33. Qa7 {[#]} (33. Qf8 $11 {remains equal.}) 33... Ke4 $1 $17 34. Qc5 {[#]} Kd3 $1 35. Qc1 $2 {[%mdl 8192]} (35. a4 $17 {was the crucial defense.}) 35... Qe4+ $19 36. Kg1 Qe2 $2 (36... Qxd4 $19 {has better winning chances.} 37. Kg2 Qc3 38. Qd1+ Kc4 39. Qg4+ Kb3 40. Qd1+ Kxa3 41. Qxd5 Kxb4 42. Qxf7 a5 43. Qf8+ Kb3) 37. Qb1+ $2 (37. a4 $17 {was worth a try.}) 37... Qc2 38. Qe1 Kc4 ({Weaker is} 38... Kxd4 39. Qe3+ Kc4 40. Qf4+ Kb3 41. Qxf7 $17) 39. Qe8 Qb1+ 40. Kh2 Qf5 41. Qe3 (41. Kg1 $142) 41... Qe4 {Strongly threatening ...Qxe3.} 42. Qc1+ Kb3 43. Qa1 $2 (43. Qc5 {was the only chance.}) 43... Qc2 44. Kg1 Qc3 {Precision: White = 54%, Black = 73%.} 0-1

[Event "GAMMA Reykjavik Open 2018"]
[Site "Reykjavik"]
[Date "2018.03.11"]
[Round "5"]
[White "Praggnanandhaa R"]
[Black "Shailesh, Dravid"]
[Result "1-0"]
[WhiteElo "2507"]
[BlackElo "2246"]
[Annotator "TA"]
[PlyCount "87"]
[EventType "swiss"]
[EventCountry "ISL"]
[SourceTitle "playchess.com"]
[Source "ChessBase"]
[SourceQuality "1"]

{[%evp 9,87,8,10,0,21,18,26,12,25,17,34,37,44,19,25,26,29,29,24,14,29,29,27,20,7,16,21,11,15,26,51,51,62,60,57,56,112,120,125,122,128,102,242,244,260,251,297,287,269,165,152,191,374,231,249,241,293,288,312,299,332,270,490,493,494,489,927,922,889,768,890,781,1057,1053,1210,1203,1182,1151,1007,745]} 1. e4 c5 2. Nf3 d6 3. Bb5+ Nd7 4. a4 Ngf6 5. Nc3 e6 {LiveBook: 8 Games} (5... a6 6. Bc4 Qa5 7. Ra3 e6 8. O-O Be7 9. Re1 O-O 10. d3 Qc7 11. a5 b5 12. axb6 Nxb6 13. e5 dxe5 14. Nxe5 {½-½ (58) Adams,M (2715)-Vachier Lagrave,M (2789) London 2017}) 6. O-O {B51: Sicilian: Moscow Variation (3 Bb5+) without 3...Bd7} Be7 7. d4 cxd4 8. Qxd4 {White has an edge.} O-O 9. Rd1 $146 ({Predecessor:} 9. a5 a6 10. Be2 e5 11. Qe3 b5 12. axb6 Nxb6 13. Rd1 Qc7 14. b3 Bb7 15. Bb2 Rfe8 16. Bd3 Nbd7 17. Bc4 Nb6 18. Bd3 Nbd7 19. Bc4 Nb6 {½-½ (19) Jones,G (2671)-Gupta,A (2607) Reykjavik 2017}) 9... a6 10. Be2 Qc7 11. Be3 b6 12. Nd2 {[%cal Bf3d2,Bd2c4,Bc4e3][%mdl 32]} Bb7 13. Nc4 {[%cal Rc4d6]} d5 14. exd5 ({Don't play} 14. Nxb6 e5 $15) 14... Nxd5 15. Nxd5 Bxd5 16. Bf4 Qb7 17. Ne3 $36 {[%cal Re3d5][%mdl 2048] White fights for an advantage.} Bc6 18. Bd6 Bxd6 19. Qxd6 Nc5 20. a5 Ne4 21. Qb4 b5 22. c4 f5 ({Black should play} 22... Rab8 $14) 23. cxb5 $16 axb5 24. f3 Nf6 25. Qd6 f4 (25... Qa7 $16 {was called for.} 26. Qd4 (26. Qxe6+ Kh8 $11) 26... Qb7) 26. Qxf4 $18 ({Not} 26. Qxe6+ Kh8 $16) 26... Nd5 27. Qd4 e5 28. Qc5 {[%cal Re3d5]} ({And not} 28. Qxe5 Rfe8 $11) 28... Nf4 29. Rd2 e4 30. fxe4 Bxe4 $2 {[#]} (30... Nxe2+ {was necessary.} 31. Rxe2 Bxe4) 31. Bf1 Rac8 32. Qxb5 Qe7 33. g3 Ng6 34. Qd7 Qf6 {[#] aiming for ...Ne5.} 35. Qd4 Ne5 $2 (35... Qe7 36. Nc4 Ba8) 36. Qxe4 {White is clearly winning.} Nf3+ 37. Kh1 Rce8 (37... Nxd2 $142 38. Qd5+ Kh8) 38. Qd5+ Kh8 39. Re2 Re5 40. Qb7 Qe6 41. Bg2 Nd4 42. Qb4 Rd8 43. Rd2 Rxe3 44. Rxd4 {Precision: White = 78%, Black = 40%.} 1-0

[Event "GAMMA Reykjavik Open 2018"]
[Site "Reykjavik"]
[Date "2018.03.12"]
[Round "5"]
[White "Christiansen, Johan-Sebastian"]
[Black "Landa, Konstantin"]
[Result "0-1"]
[WhiteElo "2486"]
[BlackElo "2613"]
[Annotator "TA"]
[PlyCount "118"]
[EventType "swiss"]
[EventCountry "ISL"]
[SourceTitle "playchess.com"]
[Source "ChessBase"]
[SourceQuality "1"]

{[%evp 16,118,18,14,52,16,12,9,16,10,12,13,11,9,6,5,10,9,20,6,27,8,16,8,8,0,0,0,0,0,0,0,0,0,0,0,0,0,0,-13,-13,-13,-13,-13,0,0,0,0,0,-11,-11,-11,-11,-11,0,-11,-11,-11,-11,-11,-11,-11,-11,-11,-11,-399,-385,-361,-340,-420,-420,-396,-337,-339,-331,-335,-322,-307,-240,-500,-469,-447,-443,-558,-530,-564,-561,-548,-548,-518,-518,-859,-803,-29981,-29982,-29979,-29979,-29986,-29987,-29988,-29989,-29989,-29990,-29995,-29996]} 1. e4 e6 2. d4 d5 3. Nc3 Nf6 4. Bg5 dxe4 5. Nxe4 Be7 6. Bxf6 Bxf6 7. Nxf6+ Qxf6 8. Nf3 b6 {C13: French: Classical System: 4 Bg5 Be7, Alekhine-Chatard Attack} 9. Bb5+ {LiveBook: 5 Games} Bd7 10. Qe2 (10. a4 {is interesting.} a6 11. Be2 Bc6 12. O-O Nd7 13. Qd2) 10... O-O {The position is equal.} 11. O-O Bxb5 12. Qxb5 c6 13. Qc4 Qd8 {[#]} 14. Rfe1 $146 ({Predecessor:} 14. a4 Qd5 15. Ne5 f6 16. Qxd5 cxd5 {½-½ (33) Mastrovasilis,D (2608)-Tomczak,J (2561) Wroclaw 2014}) 14... Qd5 15. Qe2 Nd7 16. c4 Qa5 17. a3 Qf5 18. Rad1 Rfd8 19. Rd3 Rac8 20. Red1 b5 21. b3 bxc4 22. bxc4 h6 23. h3 Qa5 24. Ne5 Nxe5 25. dxe5 Rxd3 26. Rxd3 $11 {[%mdl 4096] Endgame KQR-KQR} Rb8 27. Qe4 Rb1+ 28. Kh2 Re1 29. Re3 Rxe3 30. Qxe3 {KQ-KQ} c5 31. f4 h5 32. h4 Qb6 33. Qd3 Qc7 34. Kh3 g6 35. Kg3 Kg7 36. Kh2 Qa5 37. Qe3 Qd8 38. g3 Qb6 39. Kg2 a5 40. Kg1 $2 {[%mdl 8192] [#]} (40. Qd3 $11) 40... Qb1+ $19 41. Kf2 Qa2+ 42. Qe2 Qxa3 43. f5 exf5 44. e6 fxe6 45. Qxe6 Qb2+ 46. Kg1 Qf6 47. Qd7+ $2 (47. Qe8 {is the only way for White.}) 47... Qf7 48. Qb5 Qa7 49. Qa4 Qc7 50. Kg2 f4 51. gxf4 Qxf4 52. Qd7+ Qf7 53. Qd6 (53. Qc6 $142 Qxc4 54. Qc7+ Kh6 55. Qd8 Qe2+ 56. Kh3) 53... Qa7 {[#] ...a4 is the strong threat.} 54. Kg3 a4 {[%cal Ba5a4,Ba4a3,Ba3a2][%mdl 32] Black mates.} 55. Kf4 a3 56. Kg5 Qf7 {[%csl Gg6][%cal Rf7f5]} 57. Qc7 a2 58. Qe5+ Kh7 59. Qg7+ Qxg7 {Precision: White = 38%, Black = 92%.} 0-1